Statistiques concernant Lieux par lettre - H

Cliquez ici pour prendre le quiz!

Statistiques générales

  • Ce quiz a été pris 581 fois
  • Le résultat moyen est 9 sur 20

Statistiques - réponses

IndiceLieu% Correct
Quartier de Los Angeles, célèbre pour ses studios de cinémaHollywood
97%
Capitale du Viêt NamHanoi
85%
Département de Montpellier, Béziers et LodèveHérault
81%
Capitale de l'état d'HawaïHonolulu
78%
Ville allemande où les Beatles donnèrent de nombreux concerts au début
de leur carrière
Hambourg
74%
Ancienne colonie britannique rétrocédée à la Chine en 1997Hong Kong
72%
Pays des MagyarsHongrie
72%
La moitié ouest d'HispaniolaHaïti
49%
Ancienne province des Pays-Bas, divisée en deux depuis 1840Hollande
44%
Royaume emblématique de la saga "The Legend of Zelda"Hyrule
42%
Plus grande île du JaponHonshu
40%
Siège d'une célèbre bataille qui opposa, en 1066, Harold II à
Guillaume le Conquérant
Hastings
37%
Lieu de villégiature cinq étoiles pour monstres, dont le comte Dracula
est propriétaire
{Hôtel} {Transylvanie}
33%
Monument parisien, chef-d’œuvre de l'architecture classique, qui abrite
notamment le tombeau de Napoléon Ier
{Hôtel} {des} {Invalides}
29%
Village de Bilbon et FrodonHobbitebourg
19%
Vaste structure en forme d'anneau, visitée par Master Chief et CortanaHalo
17%
Capitale de la Nouvelle-ÉcosseHalifax
16%
Planète des neiges dans L'Empire contre-attaqueHoth
15%
Ville de Marty McFly{Hill} {Valley}
8%
Salle de réalité virtuelle que l'on retrouve dans les vaisseaux de Starfleet
Holodeck
2%

Distribution des résultats

Percentile par nombre de réponses

% des personnes avec chaque résultat

Votre développement - résultats

Vous n’avez pas pris ce quiz